[Event "Women's Speed Chess Q7"]
[Site "chess.com INT"]
[Date "2021.06.06"]
[Round "2"]
[White "Cori T., Deysi"]
[Black "Morris-Suzuki, Sophie"]
[Result "1-0"]
[WhiteTitle "WGM"]
[BlackTitle "WFM"]
[WhiteElo "2388"]
[BlackElo "2043"]
[WhiteFideId "3801934"]
[BlackFideId "30922615"]
[EventDate "2021.06.06"]

1. d4 d5 2. Nf3 Nf6 3. c4 dxc4 4. e3 Bg4 5. Bxc4 e6 6. h3 Bh5 7. Nc3 Nc6 8. g4
Bg6 9. Qb3 Nb4 10. O-O Bc2 11. Qa3 Nc6 12. b4 Bxb4 13. Qb2 Bg6 14. Ne5 Bxc3 15.
Qxc3 O-O 16. Nxg6 hxg6 17. Ba3 Re8 18. f4 Nd5 19. Qe1 Qd7 20. Rc1 a6 21. Bb3
Rad8 22. Qg3 Nb6 23. Rfd1 Ne7 24. Bc5 Ned5 25. Qf3 c6 26. e4 Qc7 27. exd5 Nxd5
28. Bxd5 Rxd5 29. Rb1 Red8 30. Rf1 b5 31. Rbc1 Qa5 32. Rf2 Qa4 33. Qb3 Qa5 34.
Kg2 Qc7 35. Qe3 Qd7 36. Rcc2 Qc7 37. Kg3 a5 38. a3 a4 39. Kg2 Qb7 40. Rfd2 Qd7
41. Qe4 f5 42. Qf3 Qf7 43. g5 Qc7 44. Re2 Qd7 45. Re3 Kf7 46. Rce2 Re8 47. Qf1
e5 48. fxe5 Qe6 49. Qf4 Red8 50. h4 Rh8 51. Rf3 Rh5 52. Rc2 Rd8 53. Bb4 Rdh8 54.
Rh3 Rd8 55. Qf3 Rxd4 56. Qxc6 Qxe5 57. Qc7+ Qxc7 58. Rxc7+ Ke6 59. Re3+ Kd5 60.
Rc5+ Kd6 61. Rxb5+ Kc6 62. Rc5+ Kd7 63. Rce5 Rdxh4 64. Re7+ Kc6 65. Rc3+ Kd5 66.
Rd7+ Ke5 67. Re3+ Kf4 68. Rf3+ Kxg5 69. Be7+ Kg4 70. Rd4+ f4 71. Rdxf4# 1-0

[Event "Women's Speed Chess Q7"]
[Site "chess.com INT"]
[Date "2021.06.06"]
[Round "2"]
[White "Vo, Thi Kim Phung"]
[Black "Nikolova, Adriana"]
[Result "0-1"]
[WhiteTitle "WGM"]
[BlackTitle "WGM"]
[WhiteElo "2335"]
[BlackElo "2243"]
[WhiteFideId "12401838"]
[BlackFideId "2908689"]
[EventDate "2021.06.06"]

1. d4 d5 2. c4 c6 3. Nc3 Nf6 4. Nf3 dxc4 5. a4 Bf5 6. e3 e6 7. Bxc4 Bb4 8. O-O
Nbd7 9. Nh4 Bg4 10. f3 Bh5 11. g4 Nd5 12. Bxd5 exd5 13. Nf5 Bg6 14. Nxg7+ Kf8
15. Nf5 Bxf5 16. gxf5 Qg5+ 17. Kh1 Rg8 18. Qe2 Qxf5 19. e4 Qe6 20. exd5 cxd5 21.
Nxd5 Qxe2 22. Bh6+ Rg7 23. Bxg7+ Kxg7 24. Nxb4 Kh8 25. Rae1 Qxb2 26. Nd5 Qxd4
27. Ne7 Nf6 28. Nf5 Qf4 29. Ng3 Rg8 30. Re7 Nd5 31. Re4 Qf6 32. Re2 Qc6 33. Re4
Nc3 34. Rh4 Rg7 35. Rf4 Nd5 36. Re4 Rg8 37. Nf5 Nf6 38. Ne7 Qd7 39. Ree1 Nh5 40.
Nxg8 Kxg8 41. Rg1+ Kf8 42. Ref1 Nf4 43. Rg4 Ng6 44. f4 Qc6+ 45. Kg1 f5 46. Rg3
Qb6+ 47. Rf2 Kf7 48. Rg5 Ke6 49. Rg3 Nxf4 50. Kf1 Qa6+ 51. Kg1 Qb6 52. h3 Nd5
53. Kg2 f4 54. Rgf3 Ne3+ 55. Kh2 Nd5 56. Re2+ Kf5 57. Ref2 Qd4 58. Rf1 Qxa4 59.
R1f2 Qe4 60. Rf1 b5 61. R3f2 h5 62. Rg1 f3 63. Re1 Qxe1 0-1

[Event "Women's Speed Chess Q7"]
[Site "chess.com INT"]
[Date "2021.06.06"]
[Round "2"]
[White "Perez Rodriguez, Jennifer"]
[Black "Ortez, Andrea"]
[Result "1-0"]
[WhiteTitle "WIM"]
[BlackTitle "WIM"]
[WhiteElo "2251"]
[BlackElo "1969"]
[WhiteFideId "3507831"]
[BlackFideId "6702392"]
[EventDate "2021.06.06"]

1. e4 c5 2. c3 d5 3. exd5 Qxd5 4. d4 cxd4 5. cxd4 Nc6 6. Nf3 e5 7. Nc3 Bb4 8.
Bd2 Bxc3 9. Bxc3 e4 10. Ne5 Nxe5 11. dxe5 Ne7 12. Qc2 O-O 13. Rd1 Qc6 14. Be2
Bf5 15. Qb3 a6 16. O-O Rfd8 17. Bc4 Bg6 18. Ba5 Rxd1 19. Rxd1 b5 20. Be2 Rc8 21.
Bb4 Nf5 22. Bf1 h6 23. a3 Qc2 24. Qxc2 Rxc2 25. Bc3 e3 26. fxe3 Nxe3 27. Re1
Nxf1 28. Kxf1 Bd3+ 29. Kg1 Bc4 30. h3 a5 31. Bxa5 Rxb2 32. Bb4 Bd5 33. g4 Rg2+
34. Kf1 Rh2 35. Rd1 Bc4+ 36. Kg1 Rxh3 37. Rd8+ Kh7 38. Kf2 Rd3 39. Rf8 Rd4 40.
Kg3 Re4 41. Bd6 Re3+ 42. Kf4 Re1 43. Kg3 g5 44. Re8 Re3+ 45. Kg2 Bd5+ 46. Kf2
Rf3+ 47. Ke2 Rg3 48. Be7 Rxg4 49. Bf6 Re4+ 50. Kd3 Kg6 51. Rg8+ Kf5 52. Rd8 Bc4+
53. Kc3 Rf4 54. Rd6 Rf3+ 55. Kb4 h5 56. Kc5 h4 57. Rd4 h3 58. Rd2 g4 59. a4 Kg6
60. axb5 Rf5 61. b6 Rxf6 62. exf6 Kxf6 63. b7 Be6 64. b8=Q h2 65. Qxh2 Kg6 66.
Qg3 f5 67. Rd6 Kf6 68. Kd4 Ke7 69. Qe5 g3 70. Qxe6+ Kf8 71. Rd8+ Kg7 72. Qe7+
Kg6 73. Rg8+ Kh6 74. Qg5+ Kh7 75. Qg7# 1-0

[Event "Women's Speed Chess Q7"]
[Site "chess.com INT"]
[Date "2021.06.06"]
[Round "2"]
[White "Zakirova, Aisha"]
[Black "Nguyen, Hong Anh"]
[Result "1/2-1/2"]
[WhiteTitle "WCM"]
[BlackTitle "WIM"]
[WhiteElo "1585"]
[BlackElo "1993"]
[WhiteFideId "13719734"]
[BlackFideId "12406732"]
[EventDate "2021.06.06"]

1. d4 Nf6 2. c4 g6 3. Nc3 d5 4. Bg5 Ne4 5. Bh4 Nxc3 6. bxc3 Bg7 7. e3 O-O 8. Nf3
Re8 9. cxd5 Qxd5 10. Qd2 c5 11. c4 Qd6 12. Bg3 Qd8 13. Be2 Nc6 14. Rd1 Bg4 15.
d5 Na5 16. O-O Bxf3 17. gxf3 a6 18. e4 b6 19. f4 Nb7 20. e5 Qd7 21. Kg2 Rad8 22.
h3 b5 23. Bg4 Qc7 24. f5 Bxe5 25. fxg6 hxg6 26. Qh6 Qd6 27. Be6 Bg7 28. Qxg6
Qxe6 29. Qxg7+ Kxg7 30. dxe6 fxe6 31. Be5+ Kf7 32. Kf3 Na5 33. cxb5 axb5 34.
Rxd8 Rxd8 35. Bc7 Ra8 36. Rg1 Nc4 37. h4 Ra3+ 38. Kg2 Kg6 39. h5+ Kxh5 40. Kh2
Rxa2 41. Rb1 Rxf2+ 42. Kg1 Rb2 43. Rc1 Kg6 44. Re1 Kf5 45. Rf1+ Ke4 46. Re1+ Kd5
47. Rd1+ Rd2 48. Re1 b4 49. Rb1 e5 50. Kf1 e4 51. Ke1 e3 52. Rc1 Rh2 53. Bxh2 b3
54. Rb1 Na5 55. Ke2 c4 56. Kxe3 Nc6 57. Kd2 Nb4 58. Kc3 Nd3 59. Rd1 e5 60. Rxd3+
cxd3 61. Kxb3 Kd4 62. Kb2 e4 63. Kc1 Kc3 64. Bf4 Kd4 65. Kd2 Kd5 66. Be3 Kc4 67.
Bg5 Kb3 68. Be3 Kb2 69. Bg5 Kb3 70. Be3 Kc4 71. Bg5 Kd5 72. Be3 Ke6 73. Bh6 Kf5
74. Be3 Kg4 75. Bh6 Kf3 76. Be3 Kg4 77. Bh6 Kg3 78. Be3 Kf3 79. Bh6 Kg4 80. Be3
Kh5 81. Bf4 Kg4 82. Be3 Kf5 83. Bh6 Kg6 84. Be3 Kf5 85. Bh6 Ke5 86. Be3 Kd5 87.
Bg5 Ke5 88. Be3 Kf5 1/2-1/2

[Event "Women's Speed Chess Q7"]
[Site "chess.com INT"]
[Date "2021.06.06"]
[Round "2"]
[White "Hng, Mei-En Emmanuelle"]
[Black "Ambartsumova, Karina"]
[Result "0-1"]
[WhiteTitle "WFM"]
[BlackTitle "IM"]
[WhiteElo "2013"]
[BlackElo "2382"]
[WhiteFideId "5804566"]
[BlackFideId "4166299"]
[EventDate "2021.06.06"]

1. e4 c5 2. d4 cxd4 3. c3 Nf6 4. e5 Nd5 5. Qxd4 e6 6. Bd3 Nc6 7. Qe4 f5 8. exf6
Nxf6 9. Qh4 Be7 10. Bg6+ Kf8 11. Nf3 Kg8 12. Bc2 d6 13. O-O Bd7 14. Bg5 h6 15.
Be3 Nd5 16. Qe4 Nxe3 17. Qxe3 Bf6 18. Nbd2 d5 19. Rfe1 Kf7 20. Nb3 Re8 21. Qd3
Ne7 22. Nc5 Bc8 23. Re2 Nf5 24. Rae1 Qd6 25. b4 b6 26. Nb3 Bd7 27. Nbd4 Rad8 28.
Nxf5 exf5 29. Rxe8 Rxe8 30. Rd1 Be6 31. Nd4 Bxd4 32. Qxd4 Rc8 33. Bb3 Rd8 34. g3
Qe7 35. Re1 Qf6 36. Qe3 Rd6 37. Qd3 g6 38. Qa6 Rd7 39. Qb5 h5 40. Qc6 Re7 41. h4
Rd7 42. Rxe6 Qxe6 43. Qc8 Re7 44. Qd8 Qe1+ 45. Kg2 Qe4+ 46. Kg1 Qe1+ 47. Kg2
Qe4+ 48. Kg1 Re5 49. Qd7+ Kf8 50. Qd8+ Kf7 51. Qd7+ Kf6 52. Qd6+ Kg7 53. Qd7+
Re7 54. Qd6 Qe1+ 55. Kg2 Qe4+ 56. Kg1 Qe5 57. Qd8 Qe1+ 58. Kg2 Qe4+ 59. Kg1 Re8
60. Qd7+ Qe7 61. Qxd5 Rd8 62. Qb5 Qc7 63. Bd5 Qe5 64. c4 Re8 65. Qc6 Re7 66. Qc8
Re8 67. Qd7+ Qe7 68. Qc6 Qe1+ 69. Kg2 Qe7 70. a4 Rd8 71. a5 Qd6 72. Qb7+ Qd7 73.
Qa6 bxa5 74. Qxa5 Re8 75. Qc5 Qe7 76. Qd4+ Qf6 77. Qxa7+ Re7 78. Qa8 Qf8 79. Qa7
Rxa7 80. c5 Rc7 81. Bf3 Rxc5 82. b5 Rxb5 83. Be2 Rb2 84. Bf3 Qc5 0-1

[Event "Women's Speed Chess Q7"]
[Site "chess.com INT"]
[Date "2021.06.06"]
[Round "2"]
[White "Voit, Daria"]
[Black "Fernandez, Maria Florencia"]
[Result "1-0"]
[WhiteTitle "WGM"]
[BlackTitle "WIM"]
[WhiteElo "2354"]
[BlackElo "2229"]
[WhiteFideId "4182146"]
[BlackFideId "116459"]
[EventDate "2021.06.06"]

1. Nf3 d6 2. g3 Nf6 3. Bg2 g6 4. O-O Bg7 5. d4 O-O 6. c4 Nc6 7. Nc3 Bf5 8. d5
Na5 9. Nd4 Bd7 10. Qd3 c5 11. dxc6 Nxc6 12. Nxc6 Bxc6 13. b3 Nd7 14. Bb2 Bxg2
15. Kxg2 Ne5 16. Qe4 Nc6 17. Rad1 Qa5 18. Qc2 Nd4 19. Qd2 Nc6 20. e3 a6 21. h4
b5 22. cxb5 axb5 23. Ra1 b4 24. Ne2 Bxb2 25. Qxb2 Qd5+ 26. Kh2 Ne5 27. Nd4 Ng4+
28. Kg1 h5 29. Rfd1 Qb7 30. Qe2 Rac8 31. Rac1 Rxc1 32. Rxc1 Rc8 33. Rxc8+ Qxc8
34. Qc2 Qb7 35. Qc6 Qa7 36. Qc2 Ne5 37. f4 Ng4 38. Qd2 Qb7 39. Nc2 Qe4 40. Qe2
d5 41. Nd4 Nxe3 42. Nf3 Qb1+ 43. Kf2 Ng4+ 44. Kg2 Qe4 45. Qxe4 dxe4 46. Nd4 Ne3+
47. Kf2 Nd1+ 48. Ke1 Nc3 49. Nc6 Nxa2 50. Kf2 Nc1 51. Nxb4 Nxb3 52. Ke3 f5 53.
Nc6 Kf7 54. Ne5+ Kf6 55. Nd7+ Kg7 56. Ne5 Nc5 57. Nc6 Nd7 58. Nxe7 Kf6 59. Nd5+
Ke6 60. Nc7+ Kd6 61. Ne8+ Ke7 62. Nc7 Nf8 63. Nd5+ Kd6 64. Nc3 Ne6 65. Nb5+ Kc6
66. Nc3 Nc7 67. Ne2 Nd5+ 68. Kd4 Nb4 69. Ke5 Nd3+ 70. Kf6 Nf2 71. Kxg6 Kd5 72.
Kxh5 Nd3 73. Kg5 e3 74. Kxf5 Nc5 75. h5 Nd7 76. h6 Nf8 77. g4 Kc4 78. Ke4 Ne6
79. Kxe3 Kd5 80. g5 Nf8 81. Ng3 Ke6 82. Ke4 Kf7 83. f5 Kg8 84. Kf4 Nd7 85. Ne4
Nc5 86. Nf6+ Kh8 87. g6 Nd3+ 88. Kg3 Ne5 89. g7# 1-0

[Event "Women's Speed Chess Q7"]
[Site "chess.com INT"]
[Date "2021.06.06"]
[Round "2"]
[White "Buksa, Nataliya"]
[Black "Kabanova, Ekaterina"]
[Result "1-0"]
[WhiteTitle "IM"]
[BlackTitle "WFM"]
[WhiteElo "2413"]
[BlackElo "2138"]
[WhiteFideId "14123622"]
[BlackFideId "24112917"]
[EventDate "2021.06.06"]

1. d4 c5 2. d5 e5 3. Nc3 a6 4. e4 d6 5. a4 Ne7 6. g3 b6 7. Bg2 Ng6 8. h4 Be7 9.
h5 Nf8 10. h6 g6 11. Be3 Nfd7 12. Nf3 O-O 13. Nd2 f6 14. Nc4 Qc7 15. Qe2 Rf7 16.
f4 exf4 17. gxf4 Bf8 18. Bf3 Bb7 19. Bg4 f5 20. exf5 gxf5 21. Bh5 Re7 22. O-O-O
Kh8 23. Rhg1 Nf6 24. Bf3 Nbd7 25. Qg2 Bxh6 26. Qh3 Bg7 27. Qxf5 Rae8 28. Bf2 Bc8
29. Qg5 Nf8 30. Rh1 b5 31. Nd2 b4 32. Nce4 Nxe4 33. Nxe4 Rxe4 34. Bxe4 Rxe4 35.
Rdg1 Qe7 36. Qxe7 Rxe7 37. Bh4 Rf7 38. Re1 Bd7 39. Re7 Kg8 40. Rhe1 Ng6 41. Rxf7
Kxf7 42. Bg3 Bf5 43. Rh1 Ne7 44. Kd2 Nxd5 45. b3 Nf6 46. Ke3 Ng4+ 47. Kf3 Nf6
48. Rd1 Ke7 49. Bh4 Ke6 50. Re1+ Kd7 51. Rg1 Be4+ 52. Ke3 Bh6 53. Bxf6 Bf5 54.
Rg2 Ke6 55. Bg5 Bf8 56. Rh2 d5 57. Kd2 d4 58. Bh6 Bd6 59. Re2+ Kd5 60. Re8 Be4
61. Rd8 Kc6 62. Ra8 Kb7 63. Re8 Bf5 64. Rd8 Kc7 65. Ra8 Kb7 66. Rg8 Be4 67. Bg5
Kc6 68. Rg7 Kd5 69. Ra7 a5 70. Rxa5 h5 71. Ra8 Bf3 72. Rh8 Bg4 73. a5 Kc6 74.
Rh6 Kc7 75. a6 Bc8 76. a7 Bb7 77. Rh7+ Kb6 78. Rh6 Kxa7 79. Rxd6 Bf3 80. Rh6 Kb7
81. f5 Be4 82. f6 Bd5 83. Rxh5 Kc6 84. Bf4 Bf7 85. Rh7 Bg6 86. Rc7+ Kd5 87. f7
Bxf7 88. Rxf7 c4 89. bxc4+ Kxc4 90. Rd7 b3 91. cxb3+ 1-0

[Event "Women's Speed Chess Q7"]
[Site "chess.com INT"]
[Date "2021.06.06"]
[Round "2"]
[White "Nandhidhaa, P V"]
[Black "Eswaran, Ashritha"]
[Result "1/2-1/2"]
[WhiteTitle "WGM"]
[BlackTitle "WIM"]
[WhiteElo "2365"]
[BlackElo "2244"]
[WhiteFideId "5050847"]
[BlackFideId "2080788"]
[EventDate "2021.06.06"]

1. e4 c5 2. c3 d5 3. exd5 Qxd5 4. d4 g6 5. Nf3 Bg7 6. Be2 cxd4 7. cxd4 Nf6 8.
Nc3 Qa5 9. O-O O-O 10. h3 Nbd7 11. Be3 Nb6 12. Qb3 Nbd5 13. Nxd5 Qxd5 14. Bc4
Qd6 15. Ne5 e6 16. Rac1 b6 17. Rfd1 Bb7 18. Bf4 Nd5 19. Bg3 Qe7 20. Bf1 Rac8 21.
Qa4 a5 22. Qb3 f6 23. Nc4 Bh6 24. Bd6 Qd7 25. Bxf8 Bxc1 26. Rxc1 Kxf8 27. Nxb6
Nxb6 28. Qa3+ Kg8 29. Rxc8+ Nxc8 30. Qxa5 Qxd4 31. Qc7 Qxb2 32. Qd8+ Kf7 33.
Qd7+ Ne7 34. a4 Qb4 35. a5 Bc6 36. Qc7 Qb5 37. Bxb5 Bxb5 38. Qb6 Bc4 39. a6 Bxa6
40. Qxa6 e5 41. Qa3 Nf5 42. Qa2+ Kg7 43. g3 Nd4 44. h4 e4 45. Kg2 Nf3 46. Qa7+
Kg8 47. Qe3 f5 48. Qb3+ Kg7 49. Qb7+ Kf6 50. Qc6+ Kg7 51. Qd7+ Kh6 52. Qe7 Nd4
53. Qf8+ Kh5 54. Qf6 Nf3 55. Kf1 Kh6 56. Qe7 Nd2+ 57. Kg2 Nf3 58. Qb7 Ne5 59.
Qc7 Nf3 60. Qc1+ Kg7 61. Qc3+ Kf7 62. Qe3 Kg7 63. g4 Nxh4+ 64. Kh3 Nf3 65. gxf5
gxf5 66. Qc3+ Kg6 67. Qc6+ Kg5 68. Qc7 Ng1+ 69. Kg2 Nf3 70. Qg7+ Kf4 71. Qxh7
Ke5 72. Qg7+ Kf4 73. Qc7+ Kg5 74. Qc1+ f4 75. Qc5+ Kg4 76. Qc8+ Kg5 77. Qg8+ Kf5
78. Qf7+ Kg5 79. Qe7+ Kf5 80. Qd7+ Ke5 81. Qb5+ Kf6 82. Qc6+ Kf5 83. Qd5+ Ne5
84. Kh3 Kf6 85. Kh4 Kf5 86. Qc5 f3 87. Qe3 Ng6+ 88. Kh5 Nf4+ 89. Kh6 Nd5 90. Qd4
Ke6 91. Kg5 Kd6 92. Qxe4 Kc5 93. Qxf3 Nc3 94. Qd5+ Kxd5 95. f4 Ne4+ 96. Kg6 Ng3
97. f5 Nxf5 1/2-1/2

[Event "Women's Speed Chess Q7"]
[Site "chess.com INT"]
[Date "2021.06.06"]
[Round "3"]
[White "Potapova, Margarita"]
[Black "Bivol, Alina"]
[Result "1-0"]
[WhiteTitle "WIM"]
[BlackTitle "WGM"]
[WhiteElo "2260"]
[BlackElo "2374"]
[WhiteFideId "14126869"]
[BlackFideId "4100123"]
[EventDate "2021.06.06"]

1. Nf3 Nf6 2. b3 b6 3. Bb2 Bb7 4. g3 g6 5. Bg2 Bg7 6. O-O O-O 7. c4 d5 8. cxd5
Bxd5 9. Nc3 Bb7 10. d4 Ne4 11. Nxe4 Bxe4 12. e3 Nd7 13. Rc1 Nf6 14. Qe2 Qc8 15.
Rfd1 a5 16. Ba3 Re8 17. Qb5 Qb7 18. Ne1 Bxg2 19. Nxg2 Ne4 20. Qc6 Ra7 21. Qxe8+
Bf8 22. Qc6 Qb8 23. Qxe4 1-0

[Event "Women's Speed Chess Q7"]
[Site "chess.com INT"]
[Date "2021.06.06"]
[Round "3"]
[White "Nguyen, Hong Anh"]
[Black "Zaichenko, Daria"]
[Result "1-0"]
[WhiteTitle "WIM"]
[BlackTitle "WFM"]
[WhiteElo "1993"]
[BlackElo "2104"]
[WhiteFideId "12406732"]
[BlackFideId "4197453"]
[EventDate "2021.06.06"]

1. d4 d5 2. c4 e6 3. Nf3 Be7 4. g3 Nf6 5. Bg2 O-O 6. O-O dxc4 7. Ne5 Nc6 8. Nxc6
bxc6 9. Na3 Bxa3 10. bxa3 Rb8 11. Qa4 Qxd4 12. Be3 Qd7 13. Bxc6 Qe7 14. Qxa7 Rb2
15. Bc5 Qd8 16. Bxf8 Qxf8 17. Qxc7 Rxe2 18. Bf3 Rc2 19. Rad1 Ba6 20. Rd8 Ne8 21.
Qc6 c3 22. Rxe8 1-0

[Event "Women's Speed Chess Q7"]
[Site "chess.com INT"]
[Date "2021.06.06"]
[Round "3"]
[White "Von Herman, Brigitte"]
[Black "Vo, Thi Kim Phung"]
[Result "0-1"]
[WhiteTitle "WFM"]
[BlackTitle "WGM"]
[WhiteElo "1991"]
[BlackElo "2335"]
[WhiteFideId "4628730"]
[BlackFideId "12401838"]
[EventDate "2021.06.06"]

1. e4 e6 2. d4 d5 3. Nc3 Nf6 4. exd5 exd5 5. Bd3 Be7 6. Nge2 Nc6 7. O-O Nb4 8.
Bg5 Nxd3 9. Qxd3 O-O 10. Rae1 c6 11. h3 h6 12. Bh4 Re8 13. Ng3 g5 14. Bxg5 hxg5
15. Nf5 Bxf5 16. Qxf5 Nh7 17. Re3 Bf6 18. Rfe1 Rxe3 19. Rxe3 Bxd4 20. Rg3 Qf6
21. Qg4 Bxf2+ 22. Kh2 Bxg3+ 0-1

[Event "Women's Speed Chess Q7"]
[Site "chess.com INT"]
[Date "2021.06.06"]
[Round "3"]
[White "Eswaran, Ashritha"]
[Black "Vine, Elzbieta"]
[Result "1-0"]
[WhiteTitle "WIM"]
[BlackTitle "WFM"]
[WhiteElo "2244"]
[BlackElo "2138"]
[WhiteFideId "2080788"]
[BlackFideId "1119320"]
[EventDate "2021.06.06"]

1. e4 c5 2. Nf3 Nc6 3. d4 cxd4 4. Nxd4 Nf6 5. Nc3 h5 6. Bc4 e6 7. O-O a6 8. a4
Qc7 9. Nxc6 bxc6 10. f4 Bc5+ 11. Kh1 Ng4 12. Qe2 Bb7 13. e5 d5 14. exd6 Qxd6 15.
Ne4 Qe7 16. f5 1-0

[Event "Women's Speed Chess Q7"]
[Site "chess.com INT"]
[Date "2021.06.06"]
[Round "3"]
[White "Antolak, Julia"]
[Black "Mkrtchian, Lilit"]
[Result "0-1"]
[WhiteTitle "WIM"]
[BlackTitle "IM"]
[WhiteElo "2309"]
[BlackElo "2388"]
[WhiteFideId "1159569"]
[BlackFideId "13300601"]
[EventDate "2021.06.06"]

1. e4 e6 2. d4 d5 3. Nd2 Be7 4. Ngf3 Nf6 5. e5 Nfd7 6. Bd3 c5 7. c3 Nc6 8. O-O
a5 9. Re1 cxd4 10. cxd4 Qb6 11. Nf1 Nxd4 12. b3 Nxf3+ 13. Qxf3 Nc5 14. Bc2 Bd7
15. Be3 Qd8 16. Ng3 g6 17. Rad1 Rc8 18. Bb1 O-O 19. Rd4 f5 20. exf6 Bxf6 21.
Rdd1 Bc3 22. Qg4 e5 23. Rf1 Bxg4 0-1

[Event "Women's Speed Chess Q7"]
[Site "chess.com INT"]
[Date "2021.06.06"]
[Round "3"]
[White "Nikolova, Adriana"]
[Black "Chu, Ruotong"]
[Result "1-0"]
[WhiteTitle "WGM"]
[BlackTitle "WIM"]
[WhiteElo "2243"]
[BlackElo "2207"]
[WhiteFideId "2908689"]
[BlackFideId "8605653"]
[EventDate "2021.06.06"]

1. e4 c5 2. Nf3 e6 3. d4 cxd4 4. Nxd4 Nc6 5. Nc3 Qc7 6. Nb3 Nf6 7. Bd3 Bb4 8.
O-O O-O 9. Qe2 Ne5 10. Bd2 Neg4 11. f4 e5 12. fxe5 Qxe5 13. Bf4 Qh5 14. h3 Bc5+
15. Nxc5 Qxc5+ 16. Kh1 Ne5 17. Nd5 Nxd5 18. exd5 Nxd3 19. Qxd3 d6 20. c4 Bd7 21.
b3 Rae8 22. Qg3 f6 23. Bxd6 Qb6 24. Bxf8 Rxf8 25. Rae1 Qa5 26. Re7 1-0

[Event "Women's Speed Chess Q7"]
[Site "chess.com INT"]
[Date "2021.06.06"]
[Round "3"]
[White "Sliwicka, Alicja"]
[Black "Szente Varga, Fruzsina"]
[Result "1-0"]
[WhiteTitle "WIM"]
[BlackTitle "WFM"]
[WhiteElo "2308"]
[BlackElo "2100"]
[WhiteFideId "1150677"]
[BlackFideId "712264"]
[EventDate "2021.06.06"]

1. e4 e5 2. Nf3 Nc6 3. Nc3 Nf6 4. a3 Be7 5. d4 d6 6. Bb5 exd4 7. Nxd4 Bd7 8.
Nxc6 bxc6 9. Bd3 O-O 10. O-O Be6 11. f4 d5 12. e5 Ne8 13. f5 Bd7 14. Qf3 f6 15.
e6 Bc8 16. Qg3 Bd6 17. Bf4 Qe7 18. Rae1 Rb8 19. b3 a5 20. a4 Bb4 21. Bd2 d4 22.
Ne4 Bxd2 23. Nxd2 c5 24. Nc4 Nd6 25. Nxa5 Bb7 26. Nxb7 Rxb7 27. Qf3 Rb4 28. Qc6
Nb7 29. Qd7 Re8 30. Bb5 Nd6 31. Qxe7 Rxe7 32. Bd3 c4 33. bxc4 Nxc4 34. Rb1 Rxa4
35. Rb8+ 1-0

[Event "Women's Speed Chess Q7"]
[Site "chess.com INT"]
[Date "2021.06.06"]
[Round "3"]
[White "Nanditha, V"]
[Black "Mohota, Nisha"]
[Result "0-1"]
[WhiteTitle "WCM"]
[BlackTitle "IM"]
[WhiteElo "1666"]
[BlackElo "2195"]
[WhiteFideId "46626697"]
[BlackFideId "5004330"]
[EventDate "2021.06.06"]

1. e4 Nf6 2. e5 Nd5 3. Nc3 Nb6 4. f4 d6 5. Nf3 g6 6. d4 dxe5 7. Nxe5 Bg7 8. Be3
O-O 9. Qd2 N8d7 10. O-O-O Nf6 11. h4 Bg4 12. Be2 Bxe2 13. Qxe2 Nbd5 14. Rd3 Nxc3
15. Rxc3 Qd5 16. Kb1 c6 17. g4 Ne4 18. Bd2 Nxc3+ 19. Bxc3 Qxh1+ 20. Be1 Bxe5 21.
dxe5 Rad8 22. b3 Rd4 23. Kb2 Rfd8 24. Bc3 Re4 25. Qf2 Rd1 26. f5 Rb1+ 27. Ka3
Qc1+ 28. Bb2 Qxb2# 0-1

[Event "Women's Speed Chess Q7"]
[Site "chess.com INT"]
[Date "2021.06.06"]
[Round "3"]
[White "Zakirova, Aisha"]
[Black "Fominykh, Maria"]
[Result "1-0"]
[WhiteTitle "WCM"]
[BlackTitle "WGM"]
[WhiteElo "1585"]
[BlackElo "2206"]
[WhiteFideId "13719734"]
[BlackFideId "4142411"]
[EventDate "2021.06.06"]

1. d4 d6 2. c4 e5 3. Nc3 exd4 4. Qxd4 Nf6 5. Nf3 g6 6. e4 Bg7 7. Qd2 O-O 8. h3
Re8 9. Bd3 Na6 10. O-O Nc5 11. Re1 a5 12. Bc2 b6 13. Rb1 Bb7 14. Nd5 Nfxe4 15.
Bxe4 Nxe4 16. Qf4 Bxd5 17. cxd5 Nc5 18. Rxe8+ Qxe8 19. Be3 Nd3 20. Qc4 Nxb2 21.
Qxc7 Qe4 22. Rc1 Qxd5 23. Qc8+ Rxc8 24. Rxc8+ Bf8 25. Bh6 Qd1+ 26. Kh2 Qxf3 27.
Rxf8# 1-0

[Event "Women's Speed Chess Q7"]
[Site "chess.com INT"]
[Date "2021.06.06"]
[Round "3"]
[White "Mendoza, Shania Mae"]
[Black "Pandey, Srishti"]
[Result "1-0"]
[WhiteTitle "WFM"]
[BlackTitle "WFM"]
[WhiteElo "2158"]
[BlackElo "2026"]
[WhiteFideId "5211158"]
[BlackFideId "35093290"]
[EventDate "2021.06.06"]

1. e4 e6 2. d4 d5 3. Nc3 Bb4 4. exd5 exd5 5. Bd3 Nf6 6. h3 O-O 7. Qf3 Nc6 8. Ne2
Re8 9. Be3 Ne4 10. a3 Bxc3+ 11. bxc3 Qd6 12. O-O Be6 13. c4 Nf6 14. c5 Qd7 15.
Nf4 Ne4 16. Rad1 Bf5 17. Nh5 Bg6 18. Ng3 Nxg3 19. fxg3 Be4 20. Qf2 Nd8 21. c3 c6
22. Bf4 Bxd3 23. Rxd3 Re4 24. Rf3 Ne6 25. Bd6 f6 26. g4 Ng5 27. Rf4 Rae8 28. h4
Rxf4 29. Qxf4 Ne4 30. g5 fxg5 31. Qf8+ Rxf8 32. Rxf8# 1-0

[Event "Women's Speed Chess Q7"]
[Site "chess.com INT"]
[Date "2021.06.06"]
[Round "3"]
[White "Head, Louise"]
[Black "Pourkashiyan, Atousa"]
[Result "0-1"]
[WhiteTitle "WFM"]
[BlackTitle "WGM"]
[WhiteElo "2090"]
[BlackElo "2322"]
[WhiteFideId "424773"]
[BlackFideId "12502014"]
[EventDate "2021.06.06"]

1. d4 Nf6 2. c4 e6 3. Nc3 Bb4 4. Bd2 O-O 5. e3 b6 6. a3 Be7 7. Nf3 Bb7 8. Qc2 d5
9. cxd5 Nxd5 10. Nxd5 Bxd5 11. Rc1 c5 12. dxc5 Bxc5 13. b4 Be7 14. Bd3 h6 15.
Be4 Bxe4 16. Qxe4 Nd7 17. O-O a5 18. bxa5 bxa5 19. Bc3 Bxa3 20. Ra1 Be7 21. Ra4
Bf6 22. Bxf6 Nxf6 23. Qc2 Qb6 24. Rfa1 Ra7 25. h3 Rfa8 26. Nd4 Nd5 27. Qc6 Qb8
28. Qb5 Nc3 29. Qxb8+ Rxb8 30. Rxa5 Rxa5 31. Rxa5 Ne4 32. Ra1 Rb2 33. Rf1 g6 34.
g3 h5 35. h4 Kg7 36. Kg2 e5 37. Nf3 f6 38. Ng1 Nd6 39. Nh3 Nf5 40. Rd1 Nxe3+ 0-1

[Event "Women's Speed Chess Q7"]
[Site "chess.com INT"]
[Date "2021.06.06"]
[Round "3"]
[White "Avramidou, Anastasia"]
[Black "Batsiashvili, Nino"]
[Result "1-0"]
[WhiteTitle "FM"]
[BlackTitle "GM"]
[WhiteElo "2238"]
[BlackElo "2491"]
[WhiteFideId "4239873"]
[BlackFideId "13602993"]
[EventDate "2021.06.06"]

1. d4 f5 2. Nc3 Nf6 3. Bg5 d5 4. Nf3 e6 5. h4 c6 6. e3 Bd6 7. Bd3 O-O 8. Ne2
Nbd7 9. c4 Qe7 10. c5 Bc7 11. Bf4 e5 12. dxe5 Nxe5 13. Nxe5 Bxe5 14. Bxe5 Qxe5
15. Qc2 Ne4 16. g3 Bd7 17. Rb1 Rae8 18. Kf1 Nxf2 19. Kxf2 Qxe3+ 20. Kg2 f4 21.
Nxf4 Bg4 22. Rhf1 g6 23. Rbe1 Qd4 24. Rxe8 Rxe8 25. Bxg6 Re3 26. Bxh7+ Kh8 27.
Bf5 Bxf5 28. Qxf5 Qd2+ 29. Kh3 1-0